Choroby jaterní II. část Speciální pathologie a therapie chorob jaterních

Uložené v:
Podrobná bibliografia
Hlavný autor: Hořejší, Jaroslav, 1905-1997 (Author)
Médium: Kniha
Jazyk:Czech
Vydané: Praha : Tožička, 1947.
Vydanie:1. vyd.
ISBN: (viaz.)
Fyzický popis: 602 s.
Tagy: Pridať tag
Žiadne tagy, Buďte prvý kto otaguje tento záznam!

MARC

LEADER 00000nam a22000004a 4500
001 000557607
005 20170902185929.0
008 170902s1947 xr e 000 0 cze d
020 |a (viaz.)  |c Kčs7 50,00 
040 |a SVKKK  |b slo  |c SVKKK  |e AACR2 
041 0 |a cze 
044 |a xr  |c CZ 
100 1 |a Hořejší, Jaroslav,  |d 1905-1997  |4 aut 
245 1 0 |a Choroby jaterní  |n II. část  |p Speciální pathologie a therapie chorob jaterních  |c Jaroslav Hořejší. 
246 1 |a Speciální pathologie a therapie chorob jaterních 
250 |a 1. vyd. 
260 |a Praha :  |b Tožička,  |c 1947. 
300 |a 602 s. 
910 |a svkkk 
998 |a BK 
090 |g SCKHL  |k Sklad Pribinova 2. posch.  |a III.3239  |j 25470  |i 2720359268  |s Prezenčne